000 01480nam a2200385 a 4500
001 ebr10392758
003 CaPaEBR
006 m u
007 cr cn|||||||||
008 970925s1998 enk sb 001 0 eng
010 _z 97068906
020 _z0803976399 (hardcover)
020 _z0803976402 (pbk.)
020 _z9780803976399
020 _z9780857026026 (e-book)
040 _aCaPaEBR
_cCaPaEBR
035 _a(OCoLC)650081000
050 1 4 _aBF201.4
_b.D43 1998eb
082 0 4 _a150/.82
_221
245 0 0 _aDeconstructing feminist psychology
_h[electronic resource] /
_cedited by Erica Burman.
260 _aLondon ;
_aThousand Oaks, Calif. :
_bSAGE Publications,
_c1998.
300 _aix, 211 p.
490 1 _aGender and psychology
504 _aIncludes bibliographical references and index.
505 0 _apt. 1. Towards a deconstruction of feminist psychology -- pt. 2. From deconstruction to reconstruction.
533 _aElectronic reproduction.
_bPalo Alto, Calif. :
_cebrary,
_d2013.
_nAvailable via World Wide Web.
_nAccess may be limited to ebrary affiliated libraries.
650 0 _aFeminist psychology.
650 0 _aFeminism.
650 0 _aWomen
_xPsychology.
655 7 _aElectronic books.
_2local
700 1 _aBurman, Erica.
710 2 _aebrary, Inc.
830 0 _aGender and psychology.
856 4 0 _uhttp://site.ebrary.com/lib/rucke/Doc?id=10392758
_zAn electronic book accessible through the World Wide Web; click to view
999 _c191154
_d191154